000
00206 a2200097 4500
001
9597
100
_a
Mckenna, M
245
_a
Revitalize Yourself 1.
260
_a
_b
Hawthorn Books
_c
090
_c
7637
_d
7637
942
_a
NUST-CAE
_c
M
_c
34308
999
_c
244670
_d
244670